Welcome to CU Library Online Public Access Catalogue (OPAC)

The prospering parachurch : (Record no. 6210)

MARC details
000 -LEADER
fixed length control field 01037cam a2200265 a 4500
001 - CONTROL NUMBER
control field 2615573
005 - DATE AND TIME OF LATEST TRANSACTION
control field 20250603130139.0
008 - FIXED-LENGTH DATA ELEMENTS--GENERAL INFORMATION
fixed length control field 980522s1998 caua b 001 0 eng
020 ## - INTERNATIONAL STANDARD BOOK NUMBER
International Standard Book Number 0787941980 (alk. paper)
050 00 - LIBRARY OF CONGRESS CALL NUMBER
Classification number BV900
Item number .W55 1998
082 00 - DEWEY DECIMAL CLASSIFICATION NUMBER
Classification number 250
Edition information 21
100 1# - MAIN ENTRY--PERSONAL NAME
Personal name Willmer, Wesley Kenneth.
245 14 - TITLE STATEMENT
Title The prospering parachurch :
Remainder of title enlarging the boundaries of god's kingdom /
Statement of responsibility, etc. Wesley K. Willmer, J. David Schmidt with Martyn Smith.
250 ## - EDITION STATEMENT
Edition statement 1st ed.
260 ## - PUBLICATION, DISTRIBUTION, ETC.
Place of publication, distribution, etc. San Francisco, Calif. :
Name of publisher, distributor, etc. Jossey-Bass,
Date of publication, distribution, etc. c1998.
300 ## - PHYSICAL DESCRIPTION
Extent xviii, 232 p. :
Other physical details ill. ;
Dimensions 24 cm.
650 #0 - SUBJECT ADDED ENTRY--TOPICAL TERM
Topical term or geographic name entry element Religious institutions.
650 #0 - SUBJECT ADDED ENTRY--TOPICAL TERM
Topical term or geographic name entry element Church.
700 1# - ADDED ENTRY--PERSONAL NAME
Personal name Schmidt, J. David
Fuller form of name (John David)
700 1# - ADDED ENTRY--PERSONAL NAME
Personal name Smith, Martyn.
856 42 - ELECTRONIC LOCATION AND ACCESS
Materials specified Contributor biographical information
Uniform Resource Identifier <a href="http://www.loc.gov/catdir/bios/wiley046/98025331.html">http://www.loc.gov/catdir/bios/wiley046/98025331.html</a>
856 42 - ELECTRONIC LOCATION AND ACCESS
Materials specified Publisher description
Uniform Resource Identifier <a href="http://www.loc.gov/catdir/description/wiley0310/98025331.html">http://www.loc.gov/catdir/description/wiley0310/98025331.html</a>
856 4# - ELECTRONIC LOCATION AND ACCESS
Materials specified Table of Contents
Uniform Resource Identifier <a href="http://www.loc.gov/catdir/toc/onix07/98025331.html">http://www.loc.gov/catdir/toc/onix07/98025331.html</a>
942 ## - ADDED ENTRY ELEMENTS (KOHA)
Source of classification or shelving scheme Library of Congress Classification
Koha item type Books
Suppress in OPAC No
999 ## -
-- 6210
-- 6210
Holdings
Withdrawn status Lost status Source of classification or shelving scheme Damaged status Not for loan Collection Home library Current library Shelving location Date acquired Total checkouts Full call number Barcode Date last seen Copy number Price effective from Koha item type
    Library of Congress Classification     Non-fiction Undergraduate Library (Christ Temple) Undergraduate Library (Christ Temple) General stacks 06/03/2025   BV8900 WIL ulct00002937 06/03/2025 1 06/03/2025 Books
© 2023-2024 Copyright: Central University Libraries. All Rights Reserved | Created by: Mahone Tech Office